Producción y venta de servicios turísticos en agencias de viajes (Registro nro. 1609)
[ vista simple ]
| 000 -CABECERA | |
|---|---|
| campo de control de longitud fija | 00769aam a2200253 4500 |
| 005 - FECHA Y HORA DE ACTUALIZACIÓN | |
| campo de control | 20161018162952.0 |
| 008 - LONGITUD FIJA | |
| campo de control de longitud fija | 150305b xxu||||| |||| 00| 0 spa d |
| 041 ## - IDIOMA | |
| Código de idioma del texto/pista de sonido o título separado | |
| 082 ## - CLASIFICACIÓN DECIMAL DEWEY | |
| Número de clasificación | 1.3.4 F363p |
| 100 ## - AUTOR PERSONAL | |
| Nombre de persona | Fernández Gómez, Carmen |
| 100 ## - AUTOR PERSONAL | |
| Nombre de persona | Blanco Castro, Ana |
| 245 ## - TÍTULO PROPIAMENTE DICHO | |
| Título | Producción y venta de servicios turísticos en agencias de viajes |
| 260 ## - PIE DE IMPRENTA | |
| Lugar de publicación, distribución, etc. | España |
| Nombre del editor, distribuidor, etc. | Síntesis |
| Fecha de publicación, distribución, etc. | 2003 |
| 300 ## - DESCRIPCIÓN FÍSICA | |
| Extensión | 303 páginas |
| 650 ## - Materia General | |
| Materia general | AGENCIA DE VIAJES |
| 650 ## - Materia General | |
| Materia general | PRODUCTO TURÍSTICO |
| 650 ## - Materia General | |
| Materia general | MEDIOS DE TRANSPORTE |
| 650 ## - Materia General | |
| Materia general | TURISMO RURAL |
| 650 ## - Materia General | |
| Materia general | TARIFAS |
| 650 ## - Materia General | |
| Materia general | ALOJAMIENTO |
| 650 ## - Materia General | |
| Materia general | SERVICIOS TURÍSTICOS |
| 650 ## - Materia General | |
| Materia general | SEGUROS DE VIAJE |
| 942 ## - Punto de Acceso Adicional Koha | |
| Tipo de ítem Koha | Libro |
| Estado perdido | Estado dañado | No para préstamo | Biblioteca permanente | Biblioteca actual | Signatura completa | Código de barras | Precio efectivo a partir del | Tipo de ítem |
|---|---|---|---|---|---|---|---|---|
| Departamento de Biblioteca y Documentación Alfonso Chase Brenes | Departamento de Biblioteca y Documentación Alfonso Chase Brenes | 1.3.4 F363p | 10613 | 18/10/2016 | Libro | |||
| Departamento de Biblioteca y Documentación Alfonso Chase Brenes | Departamento de Biblioteca y Documentación Alfonso Chase Brenes | 1.3.4 F363p | 10612 | 18/10/2016 | Libro | |||
| Departamento de Biblioteca y Documentación Alfonso Chase Brenes | Departamento de Biblioteca y Documentación Alfonso Chase Brenes | 1.3.4 F363p | 18885 | 18/10/2016 | Libro |